000 00569nam a2200205 a 4500
001 19038
003 CO-ViMGA
008 141112s2004 ck r 000 u spa d
020 _a8471120453
040 _aCO-ViMGA
_bspa
_cCO-ViMGA
082 0 4 _a331.01 R877p
100 1 _aRussel, Arnulf
_927286
245 1 0 _aPsicología del trabajo
260 _aMadrid :
_bMorata; 1976
300 _a383 p.
590 _aForma de adquisición : Proyecto 2005 - - Precio :
_99.000
650 1 4 _aPSICOLOGIA LABORAL
_927287
650 1 4 _aTRABAJO - PSICOLOGIA
_927288
942 _2ddc
_cBK
999 _c28225
_d28225